Countries Producing the Most Blueberries - Statistics

General Stats
  • This quiz has been taken 79 times
  • The average score is 15 of 20
Answer Stats
100 tonnes country % Correct
2366 United States
99%
354 Spain
93%
1602 Canada
91%
89 France
91%
163 Poland
91%
29 Russia
91%
138 Germany
89%
17 Italy
88%
367 Mexico
86%
98 Portugal
84%
69 Australia
82%
14 Ukraine
81%
87 Netherlands
70%
30 New Zealand
70%
3 Romania
70%
3 Switzerland
65%
1 Lithuania
42%
523 Peru
42%
4 Latvia
39%
7 Uzbekistan
18%
No matching quizzes found
Score Distribution
Percent of People with Each Score
Percentile by Number Answered
Your Score History
You have not taken this quiz